00787nam a2200169Ia 4500001001000000003000500010008004100015010001100056040000900067100003500076245019000111260003500301300001000336502010900346650010900455710005300564Para_3097CHAP220125s1986 xx 000 0 und d a201588 cCHAP aToledo Martínez, José Abel aControl del carbón de la caña de azúcar Ustilago scitaminea Syd; mediante la práctica de desinfección de la semilla de caña Saccharum sp. /c José Abel Toledo Martínez aChapingo, Méx. :b El autor a43 h. aTesis (Ing. Agr. Esp. en Parasitología Agrícola) -- UACh. Departamento de Parasitología Agrícola aCaña de azúcar x Enfermedades Caña de azúcar x Semilla x Desinfección Ustilago scitaminea aUACh. Departamento de Parasitología Agrícola